|
|
|
|
| LEADER |
00000nam0a2200000 4500 |
| 001 |
129505 |
| 005 |
20231101220200.0 |
| 035 |
|
|
|a (RuTPU)RU\TPU\book\140168
|
| 090 |
|
|
|a 129505
|
| 100 |
|
|
|a 20080124d1971 m y0rusy5003 ca
|
| 101 |
1 |
|
|a rus
|c eng
|
| 102 |
|
|
|a RU
|
| 105 |
|
|
|a a z 000ay
|
| 200 |
1 |
|
|a Гай Мэннеринг, или Астролог
|f В. Скотт
|g пер. с англ. А. М. Шадрин ; коммент. М. Рабинович
|
| 210 |
|
|
|a Ленинград
|c Художественная литература
|d 1971
|
| 215 |
|
|
|a 487 с.
|c ил.
|d 21 см
|
| 606 |
1 |
|
|a Английская литература
|2 stltpush
|3 (RuTPU)RU\TPU\subj\29042
|9 52454
|
| 610 |
1 |
|
|a Шотландия
|
| 610 |
1 |
|
|a исторические романы
|
| 610 |
1 |
|
|a 18 век
|
| 675 |
|
|
|a 82
|z rus
|v 3
|
| 700 |
|
1 |
|a Скотт
|b В.
|c английский писатель
|f 1771-1832
|g Вальтер
|2 stltpush
|3 (RuTPU)RU\TPU\pers\9275
|9 1830
|
| 702 |
|
1 |
|a Шадрин
|b А. М.
|4 730
|
| 702 |
|
1 |
|a Рабинович
|b М.
|4 220
|
| 801 |
|
0 |
|a RU
|b RuMRKP
|c 19950417
|g psbo
|
| 801 |
|
1 |
|a RU
|b 63413507
|c 20050924
|g PSBO
|
| 801 |
|
2 |
|a RU
|b 63413507
|c 20080303
|g PSBO
|
| 942 |
|
|
|c BK
|